Chinese cities above 1 million population - Sudden Death - Statistics

General Stats
  • This quiz has been taken 64 times
  • The average score is 4 of 10
Answers on the Grid
Answers color-coded by a green-red scale on the quiz's grid according to % correct below.
Jining
Liaoyang
Lhasa
Pingdingshan
Dazhou
Rugao
Chengdu
Chongqing
Yangjiang
Yongchuan
Qinzhou
Nanchong
Yulin
Chifeng
Xiangtan
Beijing
Yueqing
Zhangjiagang
Urumqi
Puning
 
Answer Stats
Answer % Correct
Beijing
85%
Chengdu
79%
Chongqing
71%
Urumqi
41%
Jining
29%
Dazhou
24%
Nanchong
15%
Chifeng
12%
Zhangjiagang
12%
Pingdingshan
9%
No matching quizzes found
Score Distribution
Percent of People with Each Score
Percentile by Number Answered
Your Score History
You have not taken this quiz